Analýza odlišnosti prístupu pre e-obchod a „kamenné“ obchody diplomová práca

Saved in:
Bibliographic Details
Main Author: Chalániová, Katarína
Corporate Author: Obchodná fakulta EU. Katedra informatiky obchodných firiem
Other Authors: Hasan, Jamal
Format: Book
Language:Slovak
Published: Bratislava 2018
Tags: Add Tag
No Tags, Be the first to tag this record!

MARC

LEADER 00000nbm a2200000 4500
001 0243208
005 20180810083545.8
041 0 |a slo 
044 |a SK 
245 1 0 |a Analýza odlišnosti prístupu pre e-obchod a „kamenné“ obchody  |b diplomová práca  |c Katarína Chalániová ; školiteľ: Jamal Hasan 
264 1 |a Bratislava  |c 2018 
300 |a 69 s. 
100 1 |a Chalániová, Katarína 
700 1 |a Hasan, Jamal 
710 2 |a Obchodná fakulta EU. Katedra informatiky obchodných firiem